000 00328nam a2200133Ia 4500
008 231129s1999||||xx |||||||||||||| ||spa||
020 _a958-9120-37-7 (V.1).
040 _bspa
082 _aR 803 C758
245 0 _aConsultor literario
260 _c1999
264 _aProlibros
942 _2ddc
_cBKS
999 _c7988
_d7988